Flash Web Design : (Record no. 50141)

MARC details
000 -LEADER
fixed length control field 00764cam a22002654a 4500
001 - CONTROL NUMBER
control field 205209
003 - CONTROL NUMBER IDENTIFIER
control field 0
005 - DATE AND TIME OF LATEST TRANSACTION
control field 20170426155046.0
008 - FIXED-LENGTH DATA ELEMENTS--GENERAL INFORMATION
fixed length control field 990624s2000 inua b 001 0 eng
010 ## - LIBRARY OF CONGRESS CONTROL NUMBER
LC control number 99064956
020 ## - INTERNATIONAL STANDARD BOOK NUMBER
International Standard Book Number 0735708967
020 ## - INTERNATIONAL STANDARD BOOK NUMBER
International Standard Book Number 9780735708969
040 ## - CATALOGING SOURCE
Transcribing agency SPU
042 ## - AUTHENTICATION CODE
Authentication code pcc
050 00 - LIBRARY OF CONGRESS CALL NUMBER
Classification number TR897.7
Item number .C87 2000
100 1# - MAIN ENTRY--PERSONAL NAME
Personal name Curtis, Hillman.
245 10 - TITLE STATEMENT
Title Flash Web Design :
Remainder of title the art of motion graphics /
Statement of responsibility, etc by Hillman Curtis.
260 ## - PUBLICATION, DISTRIBUTION, ETC. (IMPRINT)
Place of publication, distribution, etc Indianapolis, Ind. :
Name of publisher, distributor, etc New Riders,
Date of publication, distribution, etc c2000.
300 ## - PHYSICAL DESCRIPTION
Extent 1 v. (unpaged) :
Other physical details ill. (some col.) ;
Dimensions 26 cm.
504 ## - BIBLIOGRAPHY, ETC. NOTE
Bibliography, etc Includes bibliographical references and index.
630 00 - SUBJECT ADDED ENTRY--UNIFORM TITLE
Uniform title Flash (Computer file)
650 #0 - SUBJECT ADDED ENTRY--TOPICAL TERM
Topical term or geographic name as entry element Computer animation.
650 #0 - SUBJECT ADDED ENTRY--TOPICAL TERM
Topical term or geographic name as entry element Web sites
General subdivision Design.
942 ## - ADDED ENTRY ELEMENTS (KOHA)
Source of classification or shelving scheme Library of Congress Classification
Koha item type Book
Holdings
Withdrawn status Lost status Source of classification or shelving scheme Damaged status Not for loan Collection code Home library Current library Shelving location Date acquired Source of acquisition Cost, normal purchase price Total Checkouts Full call number Barcode Date checked out Copy number Price effective from Koha item type
    Library of Congress Classification     Non-fiction Nairobi Campus Nairobi Campus General Circulation 26/04/2017 Donation-BFA 3000.00 1 TR897.7 .C87 2000 052922 17/02/2018 1 26/04/2017 Book